[Event "1st Charlotte Masters 2021"]
[Site "Charlotte"]
[Date "2021.02.14"]
[Round "2.2"]
[White "Oberoi, Shelev"]
[Black "Sinha, Sahil"]
[Result "0-1"]
[WhiteElo "2161"]
[BlackElo "2324"]
[Annotator "TA"]
[PlyCount "80"]
[EventDate "2021.02.12"]
[EventType "swiss"]
[EventCountry "USA"]
[SourceTitle "playchess.com"]
[Source "ChessBase"]
[SourceQuality "1"]

{[%evp 26,80,-7,-12,-8,-28,-17,-26,-12,-21,-23,-21,-26,-41,-52,-46,-52,-50,-47,-118,-108,-155,-155,-158,-149,-157,-141,-29986,-29987,-29988,-29981,-29981,-29982,-29989,-29990,-29990,-5895,-29986,-29987,-29989,-1575,-29989,-591,-5921,-5867,-5214,-5146,-29957,-11318,-5197,-6634,-29983,-29984,-29984,-29985,-29986,-29987]} 1. e4 c5 2. c3 Nf6 3. e5 Nd5 4. Nf3 Nc6 5. d4 cxd4 6. Bc4 Nb6 7. Bb3 d5 8. exd6 Qxd6 9. O-O Be6 10. Na3 dxc3 11. Nb5 Qxd1 12. Rxd1 Rc8 13. Bxe6 fxe6 14. Nxc3 {is the legacy move (14.bxc3).} h6 {B22: Sicilian: 2 c3.} 15. Be3 Nc4 16. Ne4 g5 {Black has an edge.} 17. Rac1 Nxe3 18. fxe3 Bg7 {[#]} 19. Nd4 $146 ({Predecessor:} 19. Nc5 Bxb2 20. Rc2 Na5 21. Rxb2 Rxc5 22. Nd4 Re5 23. Rb5 Rxb5 24. Nxb5 O-O 25. Rd7 {0-1 (47) Imanaliev,T (2395)-Chibukhchian,A (2310) Yerevan 1996}) 19... Bxd4 20. Rxd4 Rf8 21. Rb4 Rc7 22. h4 gxh4 $17 ({Much less strong is} 22... Nxb4 23. Rxc7 gxh4 24. Rxb7 $15) 23. Ra4 {[#]} Rd7 $1 24. Nc5 Rd2 25. Nxb7 {[#]} Rff2 $1 26. Rxc6 $4 {[%mdl 8192] This move loses the game for White.} (26. Rxh4 $17 Rxg2+ 27. Kh1 Rxb2 28. Rxh6 (28. Rxc6 $2 Rge2 $19)) 26... Rxg2+ 27. Kf1 Rdf2+ 28. Ke1 Rxb2 {[%cal Rg2g1][%mdl 64] Double Attack} 29. Kf1 h3 30. Rc8+ Kd7 (30... Kf7 $142 31. Nd6+ Kg7 32. Rb8 h2 33. Ne8+ Kg6 34. Rg4+ Kh5 35. Ng7+ Kxg4 36. Rb4+ Rxb4 37. Kxg2 Rb2+ {[%mdl 64] Double Attack} 38. Kh1 Kh3 39. Nxe6 Rb1#) 31. Rac4 Rxb7 {[%mdl 4096] Endgame KRR-KRR} 32. R8c5 Rb1+ 33. Rc1 Rxc1+ (33... Rbb2 $142 34. Rc7+ Ke8 35. R7c2 Rgxc2 36. Rxc2 Rxc2 37. Kg1 Rxa2 38. Kh1 a5 39. Kg1 a4 40. Kh1 Rb2 41. Kg1 a3 42. Kf1 a2 43. Kg1 a1=Q#) 34. Rxc1 $19 Rxa2 {( -> ...h2). KR-KR} 35. Kg1 a5 {[%cal Ba7a5,Ba5a4,Ba4a3,Ba3a2][%mdl 32]} 36. Rc5 a4 37. Ra5 a3 38. Ra6 Rg2+ {Black mates.} 39. Kh1 a2 40. e4 Rc2 {Weighted Error Value: White=1.01/Black=0.79} 0-1

[Event "1st Charlotte Masters 2021"]
[Site "Charlotte"]
[Date "2021.02.14"]
[Round "2.3"]
[White "Wu, Rochelle"]
[Black "Posthuma, Joshua"]
[Result "1-0"]
[WhiteElo "2095"]
[BlackElo "2307"]
[Annotator "TA"]
[PlyCount "73"]
[EventDate "2021.02.12"]
[EventType "swiss"]
[EventCountry "USA"]
[SourceTitle "playchess.com"]
[Source "ChessBase"]
[SourceQuality "1"]

{[%evp 9,72,-13,-8,-12,35,37,41,39,28,38,45,41,63,40,58,28,68,31,52,39,43,40,119,114,120,97,214,219,193,106,138,84,100,0,110,102,287,244,272,217,515,490,566,565,560,540,914,905,890,885,1049,1041,29993,29994,29994,2616,29995,29996,29996,29997,29997,29998,29998,29999,29999]} 1. d4 Nf6 2. Bg5 d5 3. Nd2 Nbd7 4. e3 e5 5. dxe5 Nxe5 6. Ngf3 {D00: 1 d4 d5: Unusual lines.} Ng6 7. c4 Be7 {[#]} 8. Qb3 $146 {White is slightly better.} ({Predecessor:} 8. cxd5 Nxd5 9. Bxe7 Qxe7 10. Bc4 Nb6 11. Be2 O-O 12. Qc2 c6 13. O-O Rd8 14. Nb3 {0-1 (42) Kindermann,S (2494)-Lakunza Plazaola,A (2149) Vienna 2019}) 8... c6 9. Bxf6 Bxf6 10. cxd5 $1 cxd5 11. Bb5+ Kf8 12. Rd1 Qb6 13. O-O a6 14. Ba4 Qxb3 15. Bxb3 Bxb2 ({Better is} 15... Be6 $14) 16. Bxd5 $16 Bf6 17. Nc4 {[%cal Bd2c4,Bc4b6,Bb6a4][%mdl 32]} Ke7 {[#]} (17... Rb8 $16) 18. e4 $1 $18 {[%cal Re4e5] Threatens to win with e5.} Bc3 19. Rb1 (19. Rc1 $18 Nf4 20. Nb6) 19... Rb8 $16 20. Rfc1 (20. Rb3 $142 Nf4 21. g3 Nxd5 22. exd5) 20... Nf4 {[#]} 21. Kf1 ({White should play} 21. Kh1 $1 $16 Bf6 22. Ne3) 21... Bf6 (21... Nxd5 $11 {remains equal.} 22. exd5 Bf5) 22. Nb6 $36 {[%mdl 2048] Strongly threatening e5. Black is under strong pressure.} Be6 $2 {A mistake that costs the game.} (22... Nxd5 $16 {was worth a try.} 23. Nxd5+ Kf8) 23. Bxe6 $18 Kxe6 24. Na4 {aiming for Nc5+.} Bd8 $2 (24... Nd3 {might work better.}) 25. Nc5+ Kd6 26. Nxb7+ Ke7 27. Ne5 Ke6 28. Nc5+ {[%mdl 64] Double Attack, Discovered Attack} Kxe5 29. Rxb8 Ng6 30. Rd1 Be7 31. Rd5+ Kf4 32. Rxh8 (32. Rf5+ $142 Kg4 33. f3+ Kh4 34. Rxh8 h6 35. g3+ Kh3 36. Rh5+ Nh4 37. Rxh4+ Bxh4 38. gxh4 Kxh4 39. Nxa6) 32... Nxh8 33. Rf5+ {White mates.} Kg4 34. f3+ Kh4 35. g3+ Kh3 36. Rh5+ {[%mdl 64] Double Attack} Bh4 37. Rxh4# {Weighted Error Value: White=0.15/Black=0.96} 1-0

[Event "1st Charlotte Masters 2021"]
[Site "Charlotte"]
[Date "2021.02.14"]
[Round "2.4"]
[White "Sarkar, Justin"]
[Black "Park, Evan"]
[Result "1-0"]
[WhiteElo "2366"]
[BlackElo "2207"]
[Annotator "TA"]
[PlyCount "53"]
[EventDate "2021.02.12"]
[EventType "swiss"]
[EventCountry "USA"]
[SourceTitle "playchess.com"]
[Source "ChessBase"]
[SourceQuality "1"]

{[%evp 15,53,0,0,-21,-13,-36,0,-20,0,0,0,0,0,0,0,0,245,256,256,255,239,239,703,694,1108,1057,1093,1108,29988,29989,29988,4962,4898,4802,5712,5693,29995,29996,29998,29999]} 1. d4 Nf6 2. c4 e6 3. Nc3 Bb4 4. Qc2 O-O 5. a3 Bxc3+ 6. Qxc3 d5 7. Nf3 dxc4 8. Qxc4 b6 9. h4 {E36: Nimzo-Indian: Classical: 4...d5 5 a3.} Ba6 10. Qc2 c5 11. dxc5 {The position is equal.} bxc5 {[#]} 12. h5 $146 {Threatens to win with h6.} ({Predecessor:} 12. Rh3 Nc6 13. Bg5 Nd4 14. Nxd4 cxd4 15. Rd1 e5 16. Rf3 Bb7 17. Bxf6 gxf6 18. Rg3+ {1-0 (62) Ding,L (2791)-Nakamura,H (2736) chess24.com INT 2020}) 12... h6 $1 13. g4 Nxg4 14. Rg1 f5 15. Bh3 Qe8 $2 (15... Nc6 $11 {and Black stays safe.} 16. Bxg4 fxg4 17. Rxg4 Rxf3 18. Rxg7+ Kxg7 19. Qg6+ {[%mdl 64] Double Attack} Kh8 20. Qxh6+ Kg8 21. Qg6+ Kh8 22. Qh6+ Kg8 23. Qg6+ Kh8 24. Qh6+) 16. Bxg4 $18 fxg4 {[#]} 17. Bxh6 $1 {[%mdl 512]} Qxh5 {[#]} 18. Bxg7 {[%mdl 512]} Kxg7 (18... Qf5 19. Qxf5 Rxf5) 19. Qe4 $1 {[%csl LRa8,LRe6,LRg4]} Kh8 {[#]} 20. O-O-O $1 {Threatening mate with Rh1!} Qf5 21. Qxg4 {[%csl Gg1][%cal Rg4g7]} Qf4+ 22. Qxf4 Rxf4 23. Rg3 (23. Rg6 $142 Rc4+ 24. Kd2 Rh4 25. Nxh4 Nc6 26. Rh1 Rd8+ 27. Ke1 Rd7 28. Nf5+ Rh7 29. Rhg1) 23... Bd3 24. Ne5 Be4 25. f3 Rh4 26. Rdg1 Nc6 27. Nf7+ {Weighted Error Value: White=0.04/Black=0.96} 1-0

[Event "1st Charlotte Masters 2021"]
[Site "Charlotte"]
[Date "2021.02.14"]
[Round "2.5"]
[White "Liang, Jason"]
[Black "Adamson, Robby"]
[Result "1-0"]
[WhiteElo "2342"]
[BlackElo "2239"]
[Annotator "TA"]
[PlyCount "107"]
[EventDate "2021.02.12"]
[EventType "swiss"]
[EventCountry "USA"]
[SourceTitle "playchess.com"]
[Source "ChessBase"]
[SourceQuality "1"]

{[%evp 14,107,23,29,45,20,35,31,76,75,66,65,66,52,185,166,168,159,191,168,181,161,184,170,183,177,223,223,260,250,333,338,333,309,299,287,393,399,368,360,629,619,610,502,480,271,281,260,270,266,238,215,245,241,240,220,243,230,231,233,250,247,222,229,233,212,286,279,267,257,287,253,297,281,275,265,394,369,2300,2173,12833,10234,12833,12834,12834,9577,12837,12838,12838,12839,12843,12844,12844,12843,12845,12845]} 1. e4 e5 2. Nf3 Nc6 3. Bc4 Nf6 4. Ng5 d5 5. exd5 Na5 6. Bb5+ c6 7. dxc6 bxc6 8. Bd3 {Nowadays more popular than 8.Be2.} Nd5 {C58: Two Knights: 4 Ng5 d5 5 exd5 Na5 sidelines.} 9. Nf3 (9. h4 {with more complications.} g6 10. Nc3 Rb8 11. b3 Nf4 12. Bf1) 9... Nf4 10. Bf1 Bg4 {[#] Threatens to win with ...e4.White is slightly better.} 11. h3 $146 ({Predecessor:} 11. d3 Bc5 12. Bxf4 exf4 13. Be2 Qb6 14. O-O Qxb2 15. Nbd2 O-O 16. Rb1 Qxa2 17. Ra1 {½-½ (63) Brunner,H-Ramus,N DESC email 2005}) 11... Bh5 12. g4 Bg6 13. d4 Qd5 (13... Ne6 $1 $14) 14. Bxf4 $18 exf4 {[#]} 15. Bd3 Be7 16. O-O $36 {[%mdl 2048] Black is under strong pressure.} O-O 17. Nc3 Qd6 18. Bxg6 hxg6 19. Re1 Rfe8 20. Qd3 Rad8 21. Re5 Qc7 22. Rae1 Kf8 23. Qa6 Nb7 24. d5 ({Not} 24. Qxa7 f6 $16) 24... f6 25. R5e2 cxd5 26. Qd3 {Strongly threatening Nh4.} Qc4 $2 (26... Qd7 27. Nh4 Bc5 28. Nxg6+ Kg8 29. Nxf4 Rxe2 30. Rxe2 d4) 27. Qxg6 d4 {[#]} 28. Nh4 $1 {aiming for Qh7.} dxc3 29. Nf5 (29. Qh7 $142 Qxe2 30. Rxe2) 29... Qf7 30. Qxf7+ Kxf7 31. Rxe7+ {[%mdl 64] Double Attack} Kf8 {Threatening ...Rxe7.} 32. bxc3 Nd6 33. Rxe8+ Nxe8 {[%mdl 4096] Endgame KRN-KRN} 34. Nd4 {And now Ne6+ would win.} Rc8 35. Ne6+ Kf7 36. Nxf4 Rxc3 {[#]} 37. Re7+ $3 {[%mdl 576] Decoy} Kxe7 38. Nd5+ {[%mdl 64] Double Attack} Kd6 39. Nxc3 {KN-KN} Kc5 40. Kf1 Kc4 41. Nb1 Nc7 42. h4 Nd5 43. Ke2 Nb4 44. Na3+ Kc5 (44... Kd5 {was necessary.} 45. Nb5 a5 46. Nc7+ Ke5) 45. c3 Nxa2 (45... Nd5 46. Kd2 a6) 46. Kd2 {White is clearly winning.} a6 47. h5 Kd5 48. f3 Ke5 49. Nc2 a5 50. Nd4 a4 51. Nf5 Kf4 52. Nxg7 Kg5 53. Kc2 a3 54. Nf5 {Black got outplayed after the opening.  Weighted Error Value: White=0.12/Black=0.35} 1-0

[Event "1st Charlotte Masters 2021"]
[Site "Charlotte"]
[Date "2021.02.14"]
[Round "2.6"]
[White "Eckert, Doug"]
[Black "Colas, Joshua"]
[Result "0-1"]
[WhiteElo "2151"]
[BlackElo "2280"]
[Annotator "TA"]
[PlyCount "78"]
[EventDate "2021.02.12"]
[EventType "swiss"]
[EventCountry "USA"]
[SourceTitle "playchess.com"]
[Source "ChessBase"]
[SourceQuality "1"]

{[%evp 12,78,26,37,25,31,35,12,20,28,37,47,52,41,65,13,62,73,78,72,104,59,67,43,51,47,52,57,53,57,54,26,20,0,0,0,0,-81,-65,-76,-40,-68,0,0,87,-93,-58,-59,6,40,146,-61,-60,-58,-77,-160,-138,-117,0,0,0,-212,-91,-249,-271,-1063,-1029,-1008,-719]} 1. d4 e6 2. c4 Nf6 3. Nf3 d5 4. Nc3 Bb4 5. cxd5 exd5 6. Bg5 O-O 7. e3 h6 {7...Bf5 is the modern continuation. D38: Queen's Gambit Declined: Ragozin Defence (4 Nf3 Bb4).} 8. Bh4 c5 9. Be2 g5 {The position is equal.} 10. Bg3 Ne4 11. Rc1 Qa5 12. dxc5 {[#]} Nc6 $146 ({Predecessor:} 12... Nxc3 13. bxc3 Bxc3+ 14. Kf1 Nc6 15. h4 g4 16. Nd4 Bxd4 17. exd4 h5 18. Kg1 Qb4 {1-0 (27) Laznicka,V (2517)-Pashikian,A (2442) Herceg Novi 2005}) 13. Nd4 (13. Qxd5 $14 Nxc3 14. bxc3 Bxc3+ 15. Kf1) 13... Qxa2 14. O-O Bxc3 15. bxc3 Qa3 16. Nb5 Qxc5 17. Nc7 Nxg3 18. hxg3 Rb8 19. Nxd5 b5 {[%cal Bb7b5,Bb5b4,Bb4b3][%mdl 32]} 20. c4 b4 21. Qa4 {And now Qxc6! would win.} (21. Qc2 $5 {[%cal Rc2b2]}) 21... Kg7 22. Qa1+ f6 23. f4 g4 24. f5 (24. Kf2 $1 $11) 24... h5 $17 25. Rf4 b3 {Strongly threatening ...b2.} 26. Qb2 Ne7 (26... a5 $1 $15 27. Kf2 Ne5) 27. Kh2 $11 Bb7 (27... Nxd5 $11 {keeps the balance.} 28. cxd5 Qxe3) 28. Nxe7 $2 (28. Re4 $1 $16 {[%cal Re4e7]} Rf7 29. Re6) 28... Qxe7 $17 29. Rc3 a5 ({Black should play} 29... Qe5 $15 30. Bd1 Bc6) 30. Rxb3 $11 Qc7 (30... a4 $14 31. Rb6 a3) 31. Rb5 $2 ({White must play} 31. c5 $1 $16) 31... Bc6 $36 {[%mdl 2048] Black has good play.} 32. Rxb8 Rxb8 33. Qd2 ({White should try} 33. Qd4) 33... a4 $17 34. e4 {With the idea Bxg4!} a3 (34... Qe5 $1 $17 {...a3 is the strong threat.} 35. Qe3 Rb3 36. Qa7+ Rb7) 35. Bxg4 $1 $11 Rb2 36. Qc1 {[#]} (36. Qe3 $11 a2 37. Bxh5 (37. Qa3 Qb7 $11)) 36... Be8 $1 $19 {Hoping for ...Qe5.} ({And not} 36... hxg4 37. Rxg4+ Kh8 38. Qc3 $11) 37. Bxh5 $2 Bxh5 38. Rh4 $2 {[#]} (38. c5 Qd7 39. c6) 38... Rb3 $1 39. Qe1 {[#]} a2 $1 {Weighted Error Value: White=0.55/Black=0.22} 0-1

[Event "1st Charlotte Masters 2021"]
[Site "Charlotte"]
[Date "2021.02.14"]
[Round "2.7"]
[White "Perrine, Dalton"]
[Black "Mardov, Dimitar"]
[Result "1/2-1/2"]
[WhiteElo "2247"]
[BlackElo "2265"]
[Annotator "TA"]
[PlyCount "69"]
[EventDate "2021.02.12"]
[EventType "swiss"]
[EventCountry "USA"]
[SourceTitle "playchess.com"]
[Source "ChessBase"]
[SourceQuality "1"]

{[%evp 13,69,48,51,32,43,0,35,0,36,26,23,30,31,24,36,27,36,29,40,31,32,10,56,-52,-64,-50,-54,-50,-35,-108,-115,-164,-157,-164,-155,-153,-154,-139,-142,-137,-62,-72,-57,-56,491,0,0,-29962,0,0,0,0,0,0,0,0,0,0]} 1. e4 c5 2. Nf3 e6 3. d4 cxd4 4. Nxd4 a6 5. g3 Nf6 6. Bg2 Qc7 7. O-O Be7 8. Re1 {A46: 1 d4 Nf6 2 Nf3 e6: Torre, London and Colle Systems.} d6 9. c4 O-O 10. Be3 {[#] White is slightly better.} Nc6 $146 ({Predecessor:} 10... Qxc4 11. Na3 Qc7 12. Rc1 Qd8 13. Nc4 Nbd7 14. f4 d5 15. exd5 Nxd5 16. Bf2 N7f6 {0-1 (37) Heck,N (2308)-Mainka,R (2456) Hoeckendorf 2004}) 11. Nxc6 bxc6 12. Nc3 Nd7 13. f4 Bb7 14. Qd2 c5 15. Rad1 {And now e5! would win.} Rfd8 16. Qf2 Bc6 17. g4 Qb7 18. Nd5 exd5 $15 19. exd5 Ba4 20. b3 {[#]} Nf6 $1 {[%cal Rf6g4]} 21. h3 (21. g5 $15 Bd7 22. gxf6 Bxf6 23. f5) 21... Be8 $17 22. Bxc5 dxc5 23. d6 {[#]} Bc6 24. dxe7 Rxd1 25. Rxd1 Re8 {...Bxg2 is the strong threat.} 26. g5 Nh5 ({Black should play} 26... Nd7 $17 27. Qd2 Nb8) 27. Bxc6 $15 Qxc6 28. Rd8 {Threatening mate with Qf3!} g6 $2 {[%mdl 8192] [#]} (28... f6 $1 $15 {keeps the upper hand.} 29. Rxe8+ Qxe8) 29. Qf3 $3 {[%mdl 512]} Qxf3 $11 30. Rxe8+ Kg7 {( -> ...Qe3+)} 31. Rg8+ $1 {[%mdl 64] Decoy. The position is equal.} Kxg8 32. e8=Q+ Kg7 33. Qe5+ {[%mdl 64] Double Attack} Kf8 34. Qb8+ Ke7 (34... Kg7 $5 35. Qe5+ $8 {[%mdl 64] Double Attack} Kg8 36. Qe8+ Kg7 37. Qe5+ $11 {[%mdl 64] Double Attack}) 35. Qc7+ {[%mdl 64] Double Attack.  Weighted Error Value: White=0.42/Black=0.42} 1/2-1/2

[Event "1st Charlotte Masters 2021"]
[Site "Charlotte"]
[Date "2021.02.14"]
[Round "2.8"]
[White "Kumar, Nikhil"]
[Black "Yanayt, Eugene"]
[Result "1/2-1/2"]
[WhiteElo "2322"]
[BlackElo "2100"]
[Annotator "TA"]
[PlyCount "121"]
[EventDate "2021.02.12"]
[EventType "swiss"]
[EventCountry "USA"]
[SourceTitle "playchess.com"]
[Source "ChessBase"]
[SourceQuality "1"]

{[%evp 19,121,29,26,24,25,23,60,58,60,70,73,63,88,51,102,70,115,112,98,-76,-76,-107,-66,-65,-77,-74,-69,-60,-47,-30,-26,-34,-26,-23,-15,-12,-15,-15,0,0,0,-29,0,-38,-28,-82,-21,-86,-82,-104,-110,-113,-104,-121,-102,-145,-137,-188,-183,-175,-147,-137,-118,-184,-172,-177,-165,-193,-188,-277,-270,-232,-197,-183,-183,-183,-183,-261,-261,-260,-250,-213,-4,-4,-4,-8,0,0,0,0,0,0,0,0,0,0,0,0,0,0,0,0,0,0]} 1. d4 Nf6 2. c4 g6 3. Nc3 Bg7 4. e4 d6 5. Nf3 O-O 6. Be2 e5 7. d5 a5 8. Bg5 h6 9. Be3 Ng4 10. Bc1 f5 {10...f5 is better than 10...Na6.} 11. exf5 {E92: King's Indian: Classical: 6 Be2 e5: 7 dxe5, 7 Be3 and Petrosian System without 7...Nbd7.} gxf5 12. g3 Na6 13. Nh4 {White is slightly better.} Nc5 14. f3 Nf6 15. Be3 b6 16. Qd2 {[#]} Kh7 $146 (16... f4 $14 17. Bxc5 bxc5) ({Predecessor:} 16... f4 17. Bxc5 bxc5 18. O-O-O a4 19. Ng6 Re8 20. Bd3 e4 21. fxe4 f3 22. Rhf1 Bg4 {1-0 (53) Lindberg,W (2018)-Cheek,C (2157) ICCF email 2018}) 17. O-O-O a4 18. Qc2 Nh5 19. f4 $2 {[#]} (19. Rhg1 $16 {keeps the pressure on.}) 19... Nxf4 $1 $17 20. Bg4 {[%cal Rh4f5] [#]} (20. Bf3 Bd7) 20... Qg5 21. Bf3 {[#]} Qf6 $1 22. a3 Ng6 23. Ng2 e4 24. Be2 Ne5 25. Nf4 Ncd3+ (25... Ra5 {with more complications.} 26. Rhf1 Qe7 27. Rde1 Bd7 28. Kb1 Kg8) 26. Nxd3 Nxc4 27. Nxe4 fxe4 28. Qxc4 {[%mdl 64] Threatens to win with Rhf1. Double Attack} exd3 29. Bxd3+ Kh8 {[%csl Gg7][%cal Rf6b2]} 30. Qc2 (30. Qb4 {looks sharper.} Bg4 31. Rd2 Bf3 32. Re1 Rfe8 33. Rf2) 30... Bh3 31. Bd2 Bg2 {[%mdl 64] Double Attack} 32. Rhe1 (32. Rhg1 $11 Bxd5 33. Rdf1) 32... Bxd5 (32... Bf3 $17 33. Kb1 Bxd1 34. Rxd1 Rae8) 33. Bc3 (33. Rf1 $1 $11 Qe5 34. Bf4) 33... Qg5+ 34. Rd2 Bb3 35. Bxg7+ Qxg7 36. Qc3 Rae8 37. Rde2 Rxe2 $40 {[%mdl 128] Black wants a kill.} 38. Qxg7+ Kxg7 39. Rxe2 {[%mdl 4096] Endgame KRB-KRB} c6 40. Kd2 c5 41. g4 (41. Ke1 $17) 41... d5 42. Bf5 d4 43. h4 Rf7 44. Kd3 (44. h5 $142) 44... h5 $19 45. Rg2 Kf6 46. Ke4 hxg4 47. Bxg4 Re7+ 48. Kf4 (48. Kd3 {is a better defense.}) 48... Bd5 49. Rf2 c4 50. h5 c3 $2 (50... Be4 $19 {Strongly threatening ...b5.} 51. Bd1 b5) 51. bxc3 $11 {The position is equal.} dxc3 {And now ...Re5 would win.} 52. Bf5 Bb3 53. h6 Bg8 54. Rc2 Rc7 55. Bd3 Bh7 (55... Bb3 {is more complex.} 56. Rc1 c2 57. Ke3 Kf7 58. Kd2 Rc6) 56. Bxh7 Rxh7 57. Rxc3 {Hoping for Rc6+.} Rxh6 58. Rc6+ Kg7 59. Rxh6 Kxh6 60. Ke5 b5 {...b4! is the strong threat.} 61. Kd4 $1 {Black had all chances to win.  Weighted Error Value: White=0.19/Black=0.21} 1/2-1/2

[Event "1st Charlotte Masters 2021"]
[Site "Charlotte"]
[Date "2021.02.14"]
[Round "2.9"]
[White "Chiu, Isaac"]
[Black "Kumar, Naman"]
[Result "1-0"]
[WhiteElo "2209"]
[BlackElo "2158"]
[Annotator "TA"]
[PlyCount "117"]
[EventDate "2021.02.12"]
[EventType "swiss"]
[EventCountry "USA"]
[SourceTitle "playchess.com"]
[Source "ChessBase"]
[SourceQuality "1"]

{[%evp 16,117,7,13,36,29,38,14,9,10,50,62,133,54,52,45,57,48,92,92,237,244,248,233,222,103,113,92,81,61,74,45,79,53,105,85,75,89,89,89,89,84,89,47,92,90,112,103,98,39,39,17,39,39,46,46,46,46,36,10,10,10,10,10,10,6,10,10,10,6,64,0,0,0,0,0,0,0,14,17,33,12,34,0,0,0,0,0,1557,1331,1218,1325,12833,12832,12832,12835,12837,12835,12838,12839,12834,12834,12843,12843]} 1. c4 c5 2. g3 g6 3. Bg2 Bg7 4. Nc3 Nc6 5. a3 d6 6. Rb1 e6 7. b4 Nge7 8. Nf3 O-O 9. O-O cxb4 {A36: Symmetrical English vs ...g6: 4 Bg2 Bg7.} 10. axb4 {[#]} d5 $146 ({Predecessor:} 10... Bd7 11. Qb3 Qc7 12. Bb2 Rac8 13. Rfc1 e5 14. Nd5 Qd8 15. b5 Na5 16. Nxe7+ Qxe7 {1-0 (53) Loew,G (2241)-Bunk,K (2093) Fuerth 2016}) 11. Qb3 dxc4 {The position is equal.} 12. Qxc4 e5 13. b5 Be6 14. Qa4 (14. Qh4 $16 Nf5 15. Qxd8 Nxd8 16. Ba3) 14... Nd4 $14 15. Nxd4 exd4 16. Ne4 Bf5 17. Ba3 Re8 (17... Bxe4 $16 18. Bxe4 Qd7) 18. Nd6 $18 {[%mdl 64] [#] Double Attack} Bxb1 19. Nxe8 (19. Rxb1 $6 Nc8) 19... Qxe8 20. Rxb1 (20. Bxb7 $18 Rb8 21. Qxa7) 20... Qd7 $16 21. Qb3 Rc8 22. Qf3 b6 23. Qe4 Rc7 24. h4 Qf5 25. Qxf5 (25. Bd6 {looks sharper.} Qxe4 26. Bxe4 Rd7 27. Bb8 Rd8 28. Bxa7 Nc8 29. Bb8) 25... Nxf5 26. Be4 Bf8 27. Bxf8 Kxf8 28. Bxf5 gxf5 {[%mdl 4096] Endgame KR-KR} 29. Rb4 Rc5 30. Kg2 ({Don't play} 30. Rxd4 $6 Rxb5 31. f3 Ke7 $11) 30... Ke7 31. Kf3 ({Of course not} 31. Rxd4 $6 Rxb5 32. Kf3 Rb3+ 33. e3 b5 $11) 31... Kf6 32. e3 ({Reject} 32. Rxd4 $6 Rxb5 33. Rd8 a5 $11) (32. d3 $16) 32... dxe3 $14 33. fxe3 Rd5 34. d4 h6 35. Rb1 Ke6 36. Ke2 Rd8 37. Ra1 Rd5 38. Rxa7 Rxb5 39. Ra8 Kf6 40. Rb8 Rb3 41. Kf3 Rb2 42. g4 Rb3 (42... fxg4+ $11 43. Kxg4 Kg7) 43. Re8 (43. gxf5 $1 $14 Kxf5 44. Rh8) 43... fxg4+ $11 44. Kxg4 Rb1 45. Rh8 Kg7 46. Rb8 (46. Rc8 {is interesting.} b5 47. Kf5 Re1 48. e4 Rf1+ 49. Ke5) 46... Kf6 47. Kf4 Rb5 48. e4 {White wants to play d5.} Rb1 $1 49. e5+ Ke6 50. Re8+ Kd5 51. Rd8+ Ke6 $2 {[%mdl 8192] [#]} (51... Kc4 $11) 52. Rd6+ $18 {White is clearly winning.} Ke7 53. Rxh6 Rf1+ 54. Ke4 Re1+ 55. Kd5 Rh1 56. Kc6 Rd1 57. d5 Rc1+ 58. Kxb6 Re1 59. Kc7 {Weighted Error Value: White=0.15/Black=0.19} 1-0